[Event "Chess Summer IM"]
[Site "Aarhus"]
[Date "2002.07.06"]
[Round "2"]
[White "Bromann, Thorbjorn"]
[Black "Holst, Allan"]
[Result "1-0"]
[WhiteElo "2378"]
[BlackElo "2390"]
[PlyCount "79"]
[EventDate "2002.07.05"]
[EventType "tourn"]
[EventRounds "9"]
[EventCountry "DEN"]
[EventCategory "6"]
[SourceTitle "CBM 089 Extra"]
[Source "ChessBase"]
[SourceDate "2002.09.10"]

1. b3 Nf6 2. Bb2 d5 3. e3 c6 4. h3 Nbd7 5. g4 e5 6. Bg2 Bd6 7. d3 Nf8 8. Nd2 h6
9. Ngf3 Ng6 10. Qe2 Qe7 11. a4 a5 12. Nf1 b6 13. Ng3 e4 14. Nd4 Nh4 15. Rg1
exd3 16. cxd3 Bb4+ 17. Kf1 Bd7 18. f4 O-O-O 19. Nf3 Nxf3 20. Qxf3 Bd6 21. Rc1
Kb7 22. Bd4 Rc8 23. e4 Ba3 24. Rc2 dxe4 25. dxe4 Rhd8 26. Qe3 Bxg4 27. Bxf6
Rd1+ 28. Kf2 gxf6 29. hxg4 Rxg1 30. Kxg1 Bc5 31. Rxc5 bxc5 32. Nf5 Qf8 33. Qc3
Rd8 34. Qxa5 Rd1+ 35. Kh2 Qb8 36. e5 Kc8 37. Bxc6 Qxb3 38. Nd6+ Kb8 39. Qa8+
Kc7 40. Qc8+ 1-0

[Event "Chess Summer IM"]
[Site "Aarhus"]
[Date "2002.07.13"]
[Round "9"]
[White "Bromann, Thorbjorn"]
[Black "Richards, Heather"]
[Result "1-0"]
[WhiteElo "2378"]
[BlackElo "2275"]
[PlyCount "75"]
[EventDate "2002.07.05"]
[EventType "tourn"]
[EventRounds "9"]
[EventCountry "DEN"]
[EventCategory "6"]
[SourceTitle "CBM 089 Extra"]
[Source "ChessBase"]
[SourceDate "2002.09.10"]

1. e4 e6 2. d4 d5 3. exd5 exd5 4. h3 Nc6 5. Bb5 Nf6 6. Be3 Bd6 7. Nc3 O-O 8.
Qf3 Nb4 9. O-O-O c6 10. Bd3 b5 11. g4 Qa5 12. Kb1 Nxd3 13. Rxd3 b4 14. g5 Ne4
15. Nxe4 dxe4 16. Qxe4 Bf5 17. Qxc6 Bxd3 18. cxd3 Be7 19. Nf3 b3 20. axb3 Rab8
21. Bd2 Qf5 22. Ne5 Rxb3 23. f4 Rfb8 24. Bc1 a5 25. h4 Bb4 26. Ka2 a4 27. h5
Bd2 28. g6 Bxc1 29. Rxc1 Rf8 30. gxf7+ Kh8 31. Ng6+ hxg6 32. hxg6 Rxd3 33. Rh1+
Rh3 34. Qd6 Rxf7 35. Rxh3+ Kg8 36. Qd8+ Rf8 37. Rh8+ Kxh8 38. Qh4+ 1-0

[Event "Chess Summer IM"]
[Site "Aarhus"]
[Date "2002.07.10"]
[Round "6"]
[White "Bromann, Thorbjorn"]
[Black "Palo, Davor"]
[Result "0-1"]
[WhiteElo "2378"]
[BlackElo "2394"]
[PlyCount "79"]
[EventDate "2002.07.05"]
[EventType "tourn"]
[EventRounds "9"]
[EventCountry "DEN"]
[EventCategory "6"]
[SourceTitle "CBM 089 Extra"]
[Source "ChessBase"]
[SourceDate "2002.09.10"]

1. e4 c5 2. Nf3 Nc6 3. Bb5 g6 4. Bxc6 bxc6 5. O-O Bg7 6. Re1 Nh6 7. c3 d6 8. h3
O-O 9. d4 cxd4 10. cxd4 f6 11. Nc3 Nf7 12. b3 Qa5 13. Bb2 Qh5 14. Qd3 g5 15.
Nh2 Qg6 16. Ne2 f5 17. Ng3 e6 18. e5 d5 19. Rac1 Bb7 20. Ne2 a5 21. Nc3 c5 22.
dxc5 Nxe5 23. Qb1 d4 24. Nb5 Be4 25. Rxe4 fxe4 26. Bxd4 Nd3 27. Bxg7 Qxg7 28.
Rc2 Rac8 29. c6 Qe5 30. a4 Nxf2 31. Rxf2 Rxf2 32. Ng4 Qb2 33. Qxe4 Re2 34. Nf6+
Qxf6 35. Qxe2 Rxc6 36. Qd2 Rc8 37. Qe3 e5 38. Qd2 Qf4 39. Qd5+ Kh8 40. Nc7 0-1

[Event "Chess Summer IM"]
[Site "Aarhus"]
[Date "2002.07.08"]
[Round "4"]
[White "Bromann, Thorbjorn"]
[Black "Hanley, Craig"]
[Result "1/2-1/2"]
[WhiteElo "2378"]
[BlackElo "2331"]
[PlyCount "122"]
[EventDate "2002.07.05"]
[EventType "tourn"]
[EventRounds "9"]
[EventCountry "DEN"]
[EventCategory "6"]
[SourceTitle "CBM 089 Extra"]
[Source "ChessBase"]
[SourceDate "2002.09.10"]

1. b3 d5 2. Bb2 Nf6 3. e3 Bf5 4. Nf3 e6 5. d3 Be7 6. Nbd2 c5 7. h3 h5 8. Nh4
Nc6 9. Be2 g5 10. e4 Bh7 11. Nhf3 Rg8 12. Ne5 Nxe5 13. Bxe5 dxe4 14. dxe4 Nxe4
15. Bb5+ Kf8 16. Bd3 Qd5 17. Bb2 Bg6 18. Nxe4 Bxe4 19. Qxh5 Bxd3 20. O-O-O Qxg2
21. cxd3 Rd8 22. Rhe1 g4 23. h4 Qf3 24. Qh6+ Ke8 25. Qh7 Rg6 26. h5 Qf4+ 27.
Kb1 Rh6 28. Qg7 Rxh5 29. Re4 Qf3 30. Qg8+ Kd7 31. Qxg4 Rf5 32. d4 Qxg4 33. Rxg4
Kc6 34. Rc1 Rxf2 35. dxc5 Rdd2 36. Bd4 Rfe2 37. Bc3 Rd3 38. b4 a6 39. Rg8 Ree3
40. Bb2 Bh4 41. Rc8+ Kd7 42. Ra8 Re1 43. c6+ bxc6 44. Ra7+ Kd6 45. Rxf7 Rxc1+
46. Kxc1 Be1 47. a3 a5 48. Rb7 axb4 49. axb4 Rd5 50. Bg7 Rb5 51. Bf8+ Kd5 52.
Rd7+ Kc4 53. Rd6 Rf5 54. Rxc6+ Kb3 55. Kd1 Bc3 56. Be7 Rf2 57. Bg5 Bxb4 58. Be3
Rh2 59. Rxe6 Kc3 60. Bc1 Kb3 61. Be3 Kc3 1/2-1/2

[Event "Chess Summer IM"]
[Site "Aarhus"]
[Date "2002.07.11"]
[Round "7"]
[White "Felgaer, Ruben"]
[Black "Rasmussen, Karsten"]
[Result "1-0"]
[WhiteElo "2509"]
[BlackElo "2404"]
[PlyCount "51"]
[EventDate "2002.07.05"]
[EventType "tourn"]
[EventRounds "9"]
[EventCountry "DEN"]
[EventCategory "6"]
[SourceTitle "CBM 089 Extra"]
[Source "ChessBase"]
[SourceDate "2002.09.10"]

1. e4 c6 2. Nc3 d5 3. Nf3 Bg4 4. h3 Bh5 5. exd5 cxd5 6. Bb5+ Nc6 7. g4 Bg6 8.
Ne5 Rc8 9. h4 f6 10. h5 Bxc2 11. Qxc2 fxe5 12. Qf5 a6 13. Bxc6+ bxc6 14. Qxe5
Nh6 15. Qe2 Qd7 16. f3 e6 17. d4 Bd6 18. Na4 Bg3+ 19. Kf1 Qd6 20. Nc5 e5 21.
Rh3 Kf7 22. Rxg3 exd4 23. b4 Rhe8 24. Qf2 Qb8 25. Nd3 Qb5 26. Qxd4 1-0

[Event "Chess Summer IM"]
[Site "Aarhus"]
[Date "2002.07.07"]
[Round "3"]
[White "Felgaer, Ruben"]
[Black "Bromann, Thorbjorn"]
[Result "1-0"]
[WhiteElo "2509"]
[BlackElo "2378"]
[PlyCount "85"]
[EventDate "2002.07.05"]
[EventType "tourn"]
[EventRounds "9"]
[EventCountry "DEN"]
[EventCategory "6"]
[SourceTitle "CBM 089 Extra"]
[Source "ChessBase"]
[SourceDate "2002.09.10"]

1. e4 e6 2. d4 d5 3. Nc3 Nf6 4. Bg5 Bb4 5. e5 h6 6. Be3 Ne4 7. Qg4 g6 8. a3
Bxc3+ 9. bxc3 Nxc3 10. Bd3 Qe7 11. h4 Bd7 12. Nh3 Bb5 13. h5 g5 14. Bd2 Bxd3
15. cxd3 Na4 16. f4 gxf4 17. O-O Nc6 18. Qxf4 O-O-O 19. Nf2 Qg5 20. Qxg5 hxg5
21. g4 Nxd4 22. Nh3 Nc6 23. Nxg5 Nxe5 24. Bf4 Nxg4 25. Nxf7 Rxh5 26. Nxd8 Kxd8
27. Bg3 Rf5 28. Rxf5 exf5 29. Rf1 Nh6 30. Bh4+ Kd7 31. Bg5 Nf7 32. Rxf5 Ke6 33.
Rf6+ Ke7 34. Bh4 Kf8 35. Re6 Nb6 36. Re7 Na8 37. Kf2 a6 38. Ke2 b5 39. Bf6 Nd6
40. Rd7 Ne8 41. Bd4 Nb6 42. Bc5+ Kg8 43. Re7 1-0

[Event "Chess Summer IM"]
[Site "Aarhus"]
[Date "2002.07.05"]
[Round "1"]
[White "Felgaer, Ruben"]
[Black "Palo, Davor"]
[Result "1-0"]
[WhiteElo "2509"]
[BlackElo "2394"]
[PlyCount "123"]
[EventDate "2002.07.05"]
[EventType "tourn"]
[EventRounds "9"]
[EventCountry "DEN"]
[EventCategory "6"]
[SourceTitle "CBM 089 Extra"]
[Source "ChessBase"]
[SourceDate "2002.09.10"]

1. e4 c6 2. Nc3 d5 3. Nf3 Bg4 4. h3 Bh5 5. Be2 Nf6 6. e5 Bxf3 7. Bxf3 Nfd7 8.
d4 e6 9. O-O Be7 10. Ne2 O-O 11. Be3 c5 12. c4 cxd4 13. Bxd4 Nc6 14. cxd5 Ncxe5
15. Be4 Nf6 16. Bxe5 Nxe4 17. dxe6 fxe6 18. Qd4 Qxd4 19. Nxd4 Bc5 20. Rac1 Bb6
21. Rc2 Rfd8 22. Nf3 Rac8 23. Re2 Nc5 24. Bd4 Rc6 25. Rc1 Rd5 26. Rc4 Rcd6 27.
b4 Nd3 28. Bxb6 axb6 29. a3 Kf7 30. Rc7+ Rd7 31. Ng5+ Kg6 32. Rxd7 Rxd7 33.
Nxe6 Kf6 34. Re3 Ne5 35. Ng5 Rd1+ 36. Kh2 Kxg5 37. Rxe5+ Kf6 38. Rb5 Rd6 39. a4
Ke6 40. a5 bxa5 41. bxa5 Rd7 42. Kg3 Kf6 43. h4 g6 44. h5 gxh5 45. Rxh5 Rd3+
46. f3 Kg6 47. Rb5 Rd7 48. Kg4 Rc7 49. f4 Rd7 50. g3 Rc7 51. Rg5+ Kf6 52. Rb5
Kg6 53. f5+ Kf6 54. Rb6+ Kg7 55. Kg5 Kf7 56. Kh6 Kg8 57. g4 Rd7 58. a6 bxa6 59.
Rb8+ Kf7 60. g5 Rd5 61. Rb7+ Ke8 62. f6 1-0

[Event "Chess Summer IM"]
[Site "Aarhus"]
[Date "2002.07.12"]
[Round "8"]
[White "Felgaer, Ruben"]
[Black "Hanley, Craig"]
[Result "1-0"]
[WhiteElo "2509"]
[BlackElo "2331"]
[PlyCount "63"]
[EventDate "2002.07.05"]
[EventType "tourn"]
[EventRounds "9"]
[EventCountry "DEN"]
[EventCategory "6"]
[SourceTitle "CBM 089 Extra"]
[Source "ChessBase"]
[SourceDate "2002.09.10"]

1. e4 e6 2. d4 d5 3. Nc3 Nf6 4. Bg5 dxe4 5. Nxe4 Be7 6. Bxf6 gxf6 7. Nf3 f5 8.
Nc3 Bf6 9. Bc4 Nc6 10. Bb5 O-O 11. Bxc6 bxc6 12. Qd3 Rb8 13. O-O-O Qd6 14. Na4
c5 15. Nxc5 Bb7 16. Rhe1 Bd5 17. Ne5 Rfd8 18. c4 Qb6 19. b3 Be4 20. Qg3+ Bg7
21. Nxe4 fxe4 22. Rxe4 f5 23. Ree1 c5 24. d5 exd5 25. cxd5 f4 26. Qg4 Re8 27.
Qf5 c4 28. Qf7+ Kh8 29. Nd7 Bb2+ 30. Kb1 Rxe1 31. Nxb6 Rxd1+ 32. Kxb2 1-0

[Event "Chess Summer IM"]
[Site "Aarhus"]
[Date "2002.07.09"]
[Round "5"]
[White "Felgaer, Ruben"]
[Black "Rasmussen, Allan Stig"]
[Result "1-0"]
[WhiteElo "2509"]
[BlackElo "2305"]
[PlyCount "45"]
[EventDate "2002.07.05"]
[EventType "tourn"]
[EventRounds "9"]
[EventCountry "DEN"]
[EventCategory "6"]
[SourceTitle "CBM 089 Extra"]
[Source "ChessBase"]
[SourceDate "2002.09.10"]

1. e4 c6 2. d4 d5 3. Nc3 dxe4 4. Nxe4 Nd7 5. Nf3 Ngf6 6. Ng3 e6 7. Bd3 c5 8. c3
Be7 9. O-O O-O 10. Qe2 b6 11. Rd1 Bb7 12. dxc5 Bxc5 13. Bg5 Qc7 14. Ne4 Nxe4
15. Bxe4 Bxe4 16. Qxe4 Nf6 17. Bxf6 gxf6 18. Qh4 Kg7 19. Rd3 Bd6 20. Rad1 Be5
21. Rd7 Rad8 22. Ng5 Kg6 23. Nxe6 1-0

[Event "Chess Summer IM"]
[Site "Aarhus"]
[Date "2002.07.11"]
[Round "7"]
[White "Hanley, Craig"]
[Black "Holst, Allan"]
[Result "1-0"]
[WhiteElo "2331"]
[BlackElo "2390"]
[PlyCount "89"]
[EventDate "2002.07.05"]
[EventType "tourn"]
[EventRounds "9"]
[EventCountry "DEN"]
[EventCategory "6"]
[SourceTitle "CBM 089 Extra"]
[Source "ChessBase"]
[SourceDate "2002.09.10"]

1. c4 c6 2. d4 d6 3. Nc3 e5 4. g3 Nf6 5. Bg2 Be7 6. e4 O-O 7. Nge2 a6 8. a4
exd4 9. Nxd4 a5 10. O-O Na6 11. h3 Re8 12. g4 Bf8 13. g5 Nd7 14. b3 Nb4 15. Be3
Nc5 16. Qh5 g6 17. Qh4 Bg7 18. Rad1 Qe7 19. f4 f5 20. gxf6 Bxf6 21. Qg3 Qg7 22.
Bf2 Bd7 23. Nde2 Qe7 24. Bxc5 dxc5 25. e5 Bg7 26. Ne4 Be6 27. Rd6 b6 28. Rfd1
Rad8 29. Qg5 Rxd6 30. Rxd6 Bf5 31. Qxe7 Rxe7 32. Rd8+ Bf8 33. N2g3 Be6 34. Nf6+
Kg7 35. Nge4 h6 36. Nd6 b5 37. axb5 cxb5 38. cxb5 Bxb3 39. b6 c4 40. b7 Na6 41.
b8=Q Nxb8 42. Rxb8 Ra7 43. Nde8+ Kh8 44. Bd5 a4 45. Nc7 1-0

[Event "Chess Summer IM"]
[Site "Aarhus"]
[Date "2002.07.07"]
[Round "3"]
[White "Hanley, Craig"]
[Black "Peralta, Fernando"]
[Result "1/2-1/2"]
[WhiteElo "2331"]
[BlackElo "2478"]
[PlyCount "42"]
[EventDate "2002.07.05"]
[EventType "tourn"]
[EventRounds "9"]
[EventCountry "DEN"]
[EventCategory "6"]
[SourceTitle "CBM 089 Extra"]
[Source "ChessBase"]
[SourceDate "2002.09.10"]

1. c4 f5 2. Nf3 Nf6 3. d4 e6 4. g3 c6 5. Bg2 Be7 6. O-O O-O 7. Nbd2 d5 8. Ne5
Nbd7 9. Qc2 Nxe5 10. dxe5 Ne4 11. Rd1 Bd7 12. Nxe4 dxe4 13. Be3 c5 14. f3 exf3
15. exf3 Qc7 16. f4 Rad8 17. Rd3 Ba4 18. b3 Rxd3 19. Qxd3 Bc6 20. Rd1 Bxg2 21.
Kxg2 Rd8 1/2-1/2

[Event "Chess Summer IM"]
[Site "Aarhus"]
[Date "2002.07.09"]
[Round "5"]
[White "Hanley, Craig"]
[Black "Richards, Heather"]
[Result "1/2-1/2"]
[WhiteElo "2331"]
[BlackElo "2275"]
[PlyCount "23"]
[EventDate "2002.07.05"]
[EventType "tourn"]
[EventRounds "9"]
[EventCountry "DEN"]
[EventCategory "6"]
[SourceTitle "CBM 089 Extra"]
[Source "ChessBase"]
[SourceDate "2002.09.10"]

1. e4 c5 2. Nf3 Nc6 3. Bb5 Nd4 4. Nxd4 cxd4 5. O-O g6 6. c3 Bg7 7. Re1 e6 8. e5
Qb6 9. Na3 a6 10. Nc4 Qc7 11. Nd6+ Kf8 12. Qf3 1/2-1/2

[Event "Chess Summer IM"]
[Site "Aarhus"]
[Date "2002.07.05"]
[Round "1"]
[White "Hanley, Craig"]
[Black "Vinter Schou, Uffe"]
[Result "1/2-1/2"]
[WhiteElo "2331"]
[BlackElo "2342"]
[PlyCount "81"]
[EventDate "2002.07.05"]
[EventType "tourn"]
[EventRounds "9"]
[EventCountry "DEN"]
[EventCategory "6"]
[SourceTitle "CBM 089 Extra"]
[Source "ChessBase"]
[SourceDate "2002.09.10"]

1. c4 e5 2. g3 Nc6 3. Bg2 f5 4. Nc3 Nf6 5. d3 Bb4 6. Bd2 O-O 7. a3 Bxc3 8. Bxc3
Qe8 9. b4 d6 10. b5 Nd8 11. Nf3 Ne6 12. e3 f4 13. exf4 e4 14. Nd2 exd3 15. O-O
Nc5 16. Re1 Qg6 17. Bxf6 gxf6 18. Bd5+ Kh8 19. Ne4 Bg4 20. f3 Be6 21. Nxc5 Bxd5
22. cxd5 dxc5 23. Re4 f5 24. Rc4 Qf6 25. Rac1 b6 26. Qxd3 Rfe8 27. Rd1 Re7 28.
Rc2 Rae8 29. Kf2 Qh6 30. Qc3+ Kg8 31. h4 Qg6 32. Qc4 Kh8 33. Qc3+ Kg8 34. Rcd2
Qd6 35. a4 h5 36. Qc2 Qg6 37. Rg1 Qf6 38. Rgd1 Qg6 39. Qd3 Kh7 40. Qc2 Kh6 41.
Qc3 1/2-1/2

[Event "Chess Summer IM"]
[Site "Aarhus"]
[Date "2002.07.13"]
[Round "9"]
[White "Hanley, Craig"]
[Black "Rasmussen, Karsten"]
[Result "1-0"]
[WhiteElo "2331"]
[BlackElo "2404"]
[PlyCount "37"]
[EventDate "2002.07.05"]
[EventType "tourn"]
[EventRounds "9"]
[EventCountry "DEN"]
[EventCategory "6"]
[SourceTitle "CBM 089 Extra"]
[Source "ChessBase"]
[SourceDate "2002.09.10"]

1. c4 Nf6 2. g3 c6 3. Nf3 d5 4. d4 Bf5 5. Bg2 e6 6. O-O Nbd7 7. Nc3 h6 8. c5 b6
9. b4 a5 10. b5 cxb5 11. c6 Nb8 12. Nxb5 Nxc6 13. Bf4 Rc8 14. Rc1 g5 15. Nc7+
Ke7 16. Rxc6 gxf4 17. Qc1 Nh5 18. Ne5 Kf6 19. Nxd5+ 1-0

[Event "Chess Summer IM"]
[Site "Aarhus"]
[Date "2002.07.10"]
[Round "6"]
[White "Holst, Allan"]
[Black "Felgaer, Ruben"]
[Result "0-1"]
[WhiteElo "2390"]
[BlackElo "2509"]
[PlyCount "78"]
[EventDate "2002.07.05"]
[EventType "tourn"]
[EventRounds "9"]
[EventCountry "DEN"]
[EventCategory "6"]
[SourceTitle "CBM 089 Extra"]
[Source "ChessBase"]
[SourceDate "2002.09.10"]

1. Nf3 c5 2. e4 Nc6 3. Bb5 e6 4. Bxc6 bxc6 5. d3 Ne7 6. Bd2 Ng6 7. h4 h5 8. e5
f6 9. Qe2 Kf7 10. Na3 d6 11. exd6 e5 12. Qe4 Qxd6 13. Nc4 Qd5 14. Ne3 Qxe4 15.
dxe4 Nf4 16. Ba5 Rb8 17. b3 Rb5 18. Bc3 Be7 19. Nd2 Rd8 20. Ndc4 g6 21. f3 Ba6
22. Kf2 Ne6 23. Rad1 Rbb8 24. Ba5 Rd4 25. Bc3 Rbd8 26. Bxd4 cxd4 27. Nf1 Bxc4
28. bxc4 Rb8 29. Nd2 Rb2 30. Nb3 Bb4 31. Na1 Rxa2 32. Kg3 a5 33. Rb1 Nf4 34.
Kh2 d3 35. g3 Ne2 36. Nb3 dxc2 37. Ra1 c1=Q 38. Rhxc1 Nxc1+ 39. Rxa2 Nxa2 0-1

[Event "Chess Summer IM"]
[Site "Aarhus"]
[Date "2002.07.09"]
[Round "5"]
[White "Holst, Allan"]
[Black "Rasmussen, Karsten"]
[Result "1-0"]
[WhiteElo "2390"]
[BlackElo "2404"]
[PlyCount "179"]
[EventDate "2002.07.05"]
[EventType "tourn"]
[EventRounds "9"]
[EventCountry "DEN"]
[EventCategory "6"]
[SourceTitle "CBM 089 Extra"]
[Source "ChessBase"]
[SourceDate "2002.09.10"]

1. Nf3 Nf6 2. c4 c5 3. Nc3 e6 4. e3 d5 5. d4 cxd4 6. exd4 Bb4 7. cxd5 Nxd5 8.
Qc2 Nd7 9. Bd3 Qc7 10. Bd2 Bxc3 11. bxc3 N5f6 12. c4 b6 13. Bb4 Bb7 14. Qe2 Qf4
15. Qe3 Qxe3+ 16. fxe3 Be4 17. Be2 Ng4 18. Bd2 Bb7 19. Nh4 Ngf6 20. Bb4 Rc8 21.
O-O a5 22. Ba3 Ne4 23. Rfc1 g5 24. Nf3 g4 25. Ne1 f5 26. Rc2 Kf7 27. Rac1 Rc7
28. Nd3 Rhc8 29. Ne1 Bc6 30. Rb2 Bd5 31. Rbc2 Bc6 32. Rb2 Bd5 33. Rbc2 Bb7 34.
Bd3 h5 35. Be2 Bc6 36. Rb2 Bd5 37. Rbc2 Bc6 38. Rb2 Bd5 39. Rbc2 Bb7 40. Bd3 h4
41. Rb2 Bd5 42. Rbc2 Bb7 43. Rb2 Bc6 44. Ra1 Rh8 45. Nc2 Bb7 46. Ne1 g3 47. h3
Ba6 48. Rc2 Nf2 49. Be2 Bb7 50. Bd6 Rcc8 51. Rb2 Be4 52. Rc1 Rc6 53. Bf4 e5 54.
dxe5 Nc5 55. Rd2 Ke6 56. Rd4 Rh7 57. Bf1 Rh8 58. Rc3 Nd7 59. Rd6+ Rxd6 60. exd6
Rc8 61. Rb3 Rc6 62. Rb5 Rc5 63. Rb2 Rc6 64. Bg5 Rxd6 65. Bxh4 Nd1 66. Re2 Nc3
67. Rb2 Nd1 68. Rb5 Nxe3 69. Bxg3 Rd2 70. a3 Nxf1 71. Kxf1 Ra2 72. Rb3 a4 73.
Rc3 Rb2 74. Bf2 Rb3 75. Bd4 Ne5 76. h4 Nc6 77. Bh8 Ne5 78. Rc1 Rxa3 79. h5 Ng4
80. Bd4 Rb3 81. Ke2 a3 82. Ra1 Bb1 83. Nf3 a2 84. Nd2 Bd3+ 85. Kf3 Be4+ 86. Kf4
Ra3 87. Nxe4 Nh6 88. Nc3 Rb3 89. Rxa2 Rb4 90. Ra4 1-0

[Event "Chess Summer IM"]
[Site "Aarhus"]
[Date "2002.07.07"]
[Round "3"]
[White "Holst, Allan"]
[Black "Richards, Heather"]
[Result "1-0"]
[WhiteElo "2390"]
[BlackElo "2275"]
[PlyCount "75"]
[EventDate "2002.07.05"]
[EventType "tourn"]
[EventRounds "9"]
[EventCountry "DEN"]
[EventCategory "6"]
[SourceTitle "CBM 089 Extra"]
[Source "ChessBase"]
[SourceDate "2002.09.10"]

1. Nf3 e6 2. g3 b6 3. Bg2 Bb7 4. c4 Nf6 5. O-O g6 6. d4 Bg7 7. Nc3 d6 8. d5 O-O
9. e4 a5 10. Re1 e5 11. Rb1 Na6 12. a3 Nh5 13. b4 Bc8 14. Nd2 Qe8 15. Bf3 f5
16. exf5 Bxf5 17. Nde4 Nf6 18. Rb2 Nxe4 19. Nxe4 axb4 20. axb4 b5 21. Qd3 Rb8
22. Qa3 Ra8 23. Qc3 Bd7 24. Be2 bxc4 25. Qxc4 Qf7 26. Be3 Bf5 27. Ng5 Qe7 28.
Ra2 h6 29. Nf3 c6 30. Rxa6 Rxa6 31. dxc6+ d5 32. Qxa6 Bg4 33. Bc5 Qf7 34. Nxe5
Bxe5 35. Bxg4 Re8 36. Bd7 Re7 37. Bxe7 Qxe7 38. c7 1-0

[Event "Chess Summer IM"]
[Site "Aarhus"]
[Date "2002.07.12"]
[Round "8"]
[White "Holst, Allan"]
[Black "Vinter Schou, Uffe"]
[Result "1/2-1/2"]
[WhiteElo "2390"]
[BlackElo "2342"]
[PlyCount "20"]
[EventDate "2002.07.05"]
[EventType "tourn"]
[EventRounds "9"]
[EventCountry "DEN"]
[EventCategory "6"]
[SourceTitle "CBM 089 Extra"]
[Source "ChessBase"]
[SourceDate "2002.09.10"]

1. Nf3 Nf6 2. d4 e6 3. c4 Bb4+ 4. Bd2 a5 5. g3 b6 6. Bg2 Bb7 7. O-O O-O 8. Bg5
Re8 9. a3 Bf8 10. Nc3 h6 1/2-1/2

[Event "Chess Summer IM"]
[Site "Aarhus"]
[Date "2002.07.05"]
[Round "1"]
[White "Holst, Allan"]
[Black "Peralta, Fernando"]
[Result "0-1"]
[WhiteElo "2390"]
[BlackElo "2478"]
[PlyCount "120"]
[EventDate "2002.07.05"]
[EventType "tourn"]
[EventRounds "9"]
[EventCountry "DEN"]
[EventCategory "6"]
[SourceTitle "CBM 089 Extra"]
[Source "ChessBase"]
[SourceDate "2002.09.10"]

1. Nf3 f5 2. c4 Nf6 3. g3 e6 4. Bg2 Be7 5. O-O O-O 6. d4 c6 7. Qc2 d5 8. Nbd2
Ne4 9. b3 b6 10. Bb2 Bb7 11. Ne5 Nd7 12. Nd3 Bd6 13. Nf3 Qe7 14. Nfe5 Rac8 15.
f3 Nef6 16. Nxd7 Qxd7 17. c5 Bb8 18. a4 Ba6 19. Nb4 Qb7 20. Nxa6 Qxa6 21. e4
bxc5 22. dxc5 f4 23. e5 Nd7 24. Rfe1 Qb7 25. Bd4 Bc7 26. Bh3 Rce8 27. Qc3 a5
28. Kf2 Rf7 29. Rab1 Nf8 30. Bf1 Rb8 31. Bd3 Bd8 32. Kg2 Qe7 33. Qd2 Qg5 34.
Bc3 Ng6 35. g4 Rfb7 36. Bc2 Qe7 37. Qd4 Nh4+ 38. Kf2 Qf8 39. Ke2 Ng2 40. Rec1
Ne3 41. Bd2 Rb4 42. Bxb4 Rxb4 43. Qd3 g6 44. Qa6 Qxc5 45. Qc8 Qe7 46. Bd3 Rb6
47. h4 Kf7 48. g5 Ng2 49. Rxc6 Rxc6 50. Qxc6 Nxh4 51. Rg1 Qa7 52. Qc1 Qd4 53.
Rg4 Qxe5+ 54. Kf1 Bxg5 55. Be2 Nf5 56. Kg1 Ne3 57. Bb5 Nxg4 58. fxg4 f3 59. Qc6
Qe1+ 60. Kh2 Bf4+ 0-1

[Event "Chess Summer IM"]
[Site "Aarhus"]
[Date "2002.07.13"]
[Round "9"]
[White "Palo, Davor"]
[Black "Holst, Allan"]
[Result "1-0"]
[WhiteElo "2394"]
[BlackElo "2390"]
[PlyCount "189"]
[EventDate "2002.07.05"]
[EventType "tourn"]
[EventRounds "9"]
[EventCountry "DEN"]
[EventCategory "6"]
[SourceTitle "CBM 089 Extra"]
[Source "ChessBase"]
[SourceDate "2002.09.10"]

1. d4 e6 2. c4 f5 3. g3 Nf6 4. Bg2 d5 5. Nf3 c6 6. O-O Bd6 7. Bf4 Bxf4 8. gxf4
O-O 9. e3 Bd7 10. Qb3 Qb6 11. Ne5 Be8 12. Nc3 Nbd7 13. cxd5 Qxb3 14. axb3 exd5
15. f3 Nb6 16. Kf2 a6 17. Rg1 g6 18. Bf1 Kg7 19. h4 Nh5 20. Be2 Kf6 21. Na4
Nxa4 22. bxa4 a5 23. Rgb1 Rg8 24. b4 axb4 25. Rxb4 Rg7 26. Rb6 Rc7 27. Nd3 Bd7
28. Nc5 Bc8 29. a5 Ke7 30. Nb3 Ng7 31. Rc1 Ne6 32. Bd3 Bd7 33. h5 Kf7 34. Rh1
Kg7 35. Ke2 Ra7 36. Kd2 c5 37. dxc5 Nxc5 38. Nxc5 Rxc5 39. hxg6 hxg6 40. Rc1
Rxc1 41. Kxc1 Kf7 42. Kd2 Rxa5 43. Rxb7 Ke6 44. Rb6+ Kf7 45. Kc3 Be6 46. Kd4
Ra4+ 47. Ke5 Ra3 48. Rb7+ Kg8 49. Bb5 Rxe3+ 50. Kf6 Kh8 51. Re7 Rxf3 52. Rxe6
Rxf4 53. Re7 Re4 54. Rc7 Rb4 55. Be8 Rb6+ 56. Bc6 Rb4 57. Bxd5 Rb6+ 58. Be6 Rb4
59. Bc4 Rb6+ 60. Kg5 Rd6 61. Re7 Rd4 62. Ba2 Rd2 63. Be6 Rg2+ 64. Kf6 Rb2 65.
Ra7 Rb4 66. Ra1 Rb7 67. Rh1+ Rh7 68. Rb1 Ra7 69. Bc4 Rc7 70. Bd5 Ra7 71. Bf7
Ra6+ 72. Be6 Ra7 73. Rd1 Rc7 74. Bd7 Kg8 75. Rd2 Ra7 76. Be6+ Kh8 77. Rd6 Kh7
78. Bf7 Kh6 79. Bxg6 f4 80. Be4 Kh5 81. Ke5 Ra5+ 82. Kxf4 Kh4 83. Rh6+ Rh5 84.
Rg6 Ra5 85. Rg8 Rc5 86. Bd3 Ra5 87. Rg1 Ra4+ 88. Be4 Ra3 89. Rg4+ Kh3 90. Rg8
Kh2 91. Bf3 Ra4+ 92. Be4 Ra3 93. Rh8+ Rh3 94. Rb8 Ra3 95. Rb1 1-0

[Event "Chess Summer IM"]
[Site "Aarhus"]
[Date "2002.07.09"]
[Round "5"]
[White "Palo, Davor"]
[Black "Peralta, Fernando"]
[Result "0-1"]
[WhiteElo "2394"]
[BlackElo "2478"]
[PlyCount "102"]
[EventDate "2002.07.05"]
[EventType "tourn"]
[EventRounds "9"]
[EventCountry "DEN"]
[EventCategory "6"]
[SourceTitle "CBM 089 Extra"]
[Source "ChessBase"]
[SourceDate "2002.09.10"]

1. d4 d5 2. c4 c6 3. Nf3 Nf6 4. Nc3 dxc4 5. a4 Bf5 6. e3 e6 7. Bxc4 Bb4 8. O-O
O-O 9. Qe2 Bg6 10. Ne5 Nbd7 11. Nxg6 hxg6 12. Rd1 Qa5 13. Bd2 Rad8 14. Be1 Nb6
15. Bb3 e5 16. dxe5 Qxe5 17. g3 a5 18. Rxd8 Rxd8 19. Rd1 Re8 20. Qf3 g5 21. h3
Rf8 22. Rd4 Nbd7 23. Bc2 g6 24. Qd1 Nc5 25. Rd8 Rxd8 26. Qxd8+ Kg7 27. Bd2 Nfd7
28. e4 Nf6 29. Be3 Ne6 30. Qd3 Bc5 31. Bd2 Bd4 32. Kg2 g4 33. h4 Qc5 34. Qe2
Be5 35. Qd3 Nd4 36. Bd1 Qb6 37. Be3 Qb4 38. Bg5 Qxb2 39. Bxf6+ Bxf6 40. Qe3 Nf3
41. e5 Bxe5 42. Ne4 Bd4 43. Qe2 Qxe2 44. Bxe2 f5 45. Nd6 b6 46. Ba6 Kf6 47. Bc4
Ke7 48. Nf7 b5 49. axb5 cxb5 50. Bd5 b4 51. Ng5 Nd2 0-1

[Event "Chess Summer IM"]
[Site "Aarhus"]
[Date "2002.07.11"]
[Round "7"]
[White "Palo, Davor"]
[Black "Richards, Heather"]
[Result "1-0"]
[WhiteElo "2394"]
[BlackElo "2275"]
[PlyCount "65"]
[EventDate "2002.07.05"]
[EventType "tourn"]
[EventRounds "9"]
[EventCountry "DEN"]
[EventCategory "6"]
[SourceTitle "CBM 089 Extra"]
[Source "ChessBase"]
[SourceDate "2002.09.10"]

1. d4 e6 2. Nf3 Nf6 3. c4 b6 4. g3 Bb7 5. Bg2 Bb4+ 6. Bd2 Bxd2+ 7. Qxd2 Ne4 8.
Qe3 Qc8 9. d5 Nf6 10. Nc3 O-O 11. Qd2 Na6 12. O-O Nc5 13. Nd4 c6 14. b4 Na6 15.
a3 c5 16. Ndb5 Ne8 17. Ne4 Qb8 18. bxc5 Nxc5 19. Nxc5 bxc5 20. Rab1 Qc8 21. Qf4
f6 22. Nd6 Nxd6 23. Qxd6 Re8 24. Rb5 exd5 25. Rxb7 Qxb7 26. Bxd5+ Re6 27. Bxb7
Rxd6 28. Bxa8 Rd2 29. Bf3 Ra2 30. Rd1 Rxa3 31. Rxd7 a5 32. Bd5+ Kf8 33. Rf7+
1-0